Statistics for City to Country (Difficulty: Impossible!)

Click here to take the quiz!

General Stats

  • This quiz has been taken 589 times
  • The average score is 18 of 30

Answer Stats

CityCountry% Correct
OrlandoUnited States
99%
MarseilleFrance
98%
RotterdamNetherlands
95%
ShijiazhuangChina
94%
LeicesterUnited Kingdom
93%
AntwerpBelgium
92%
EdmontonCanada
91%
ReyðarfjörðurIceland
91%
Hai PhongVietnam
89%
VallettaMalta
87%
VologdaRussia
80%
MonterreyMexico
72%
SalvadorBrazil
70%
BenghaziLibya
64%
DaeguSouth Korea
61%
AdenYemen
61%
GhaziabadIndia
49%
MendozaArgentina
46%
QuetzaltenangoGuatemala
41%
MedanIndonesia
38%
CochabambaBolivia
36%
AdanaTurkey
36%
BucaramangaColombia
31%
MelekeokPalau
31%
SidonLebanon
28%
OuahigouyaBurkina Faso
27%
Dire DawaEthiopia
23%
SaltoUruguay
20%
Les CayesHaiti
18%
N'dalatandoAngola
12%

Score Distribution

Percentile by Number Answered

Percent of People with Each Score

Your Score History

You have not taken this quiz